000 00799cam a2200217 a 4500
001 14999990
005 20250518045635.0
008 070910s2007 bg ab b 001 0 eng
020 _a984051783X
040 _aBD-DhJNU
_bENG
_cBD-DhJNU
_dBD-DhJNU
082 0 0 _a307.72 MAL
_223
100 1 _aMakita, Rie.
245 1 0 _aLivelihood diversification and landlessness in rural Bangladesh /
_cRie Makita
260 _aDhaka :
_bUniversity Press,
_c2007.
300 _axxii, 326 p. :
_bill., maps ;
_c22 cm.
500 _aOriginally presented as the author's thesis (Australian Nat. U., 2006).
504 _aIncludes bibliographical references (p. [303]-318) and index.
650 0 _aRural poor
_zBangladesh
_zDhunat Upazila.
650 0 _aManpower policy, Rural
_zBangladesh
_zDhunat Upazila.
942 _cBK
999 _c1710
_d1710